00935 a2200193 45000010006000000050017000060080041000230030015000640400040000790800053001192450038001720200022002102640033002323000019002655050331002840410008006151000019006238560099006424811320260407155747.0260407a1998 arg spa dAR-UNSa-BCEJYS aAR-UNSa-BCEJYSbspacAR-UNSa-BCEJYS a165xTeoría del conocimiento. Epistemología 10aLa ciencia y el imaginario social a978-950-786-104-8 1aBuenos Aires :bBiblosc1998 a343 p.c22 cm. a1. El imaginario social y las características de la ciencia - 2. El conocimiento: del sujeto trascendental a los sujetos históricos - 3. El imaginario social y los métodos científicos - 4. Las ciencias sociales contemporáneas - 5. Análisis de la constitución de un imaginario social - 6. La era de la posciencia. aspa1 aDíaz, Esther41uhttps://www.biblioeco.unsa.edu.ar/pmb/images/libros/L127856.jpgyImagen de portadaqimage/jpeg